| 000 | 00892nam a2200277 a 4500 | ||
|---|---|---|---|
| 001 | 57256 | ||
| 003 | BD-RjUL | ||
| 005 | 20211209080504.0 | ||
| 008 | 161207s1994 enk b 001 0 eng | ||
| 020 | _a0415081858 (hbk.) | ||
| 020 | _a0415081866 (pbk.) | ||
| 035 | _a(BD-RjUL)57380 | ||
| 040 |
_aDLC _cDLC _dBD-RjUL _beng |
||
| 041 | _aeng | ||
| 082 | 0 | 0 |
_a301.01 _223 _bWAS 1994 |
| 100 | 1 |
_aWagner, Peter, _d1956- _9170030 |
|
| 245 | 1 | 2 |
_aA sociology of modernity : _bliberty and discipline / _cPeter Wagner. |
| 260 |
_aLondon : _bRoutledge, _cc1994. |
||
| 300 |
_axv, 267 p. ; _c24 cm. |
||
| 504 | _aIncludes bibliographical references (p. [240]-260) and index. | ||
| 650 | 0 |
_aSociology _xPhilosophy. _9170031 |
|
| 740 | 0 | _aModernity. | |
| 856 | 4 | 2 |
_3Publisher description _uhttp://www.loc.gov/catdir/enhancements/fy0648/93007362-d.html |
| 942 |
_2ddc _cBK |
||
| 999 |
_c57256 _d57256 |
||